000 00590 a2200181 4500
999 _c2761
_d2761
020 _a9780073403908
050 _aJK21 DIC 2009
100 _aDiClerico, Robert E.
_eeditor
245 _aPoints of view :
_breadings in American Government and politics /
_cRobert E. DiClerico and Allan S. Hammock
250 _a11th ed.
264 _aBoston :
_bMcGraw Hill,
_c2009
300 _aViii,324p. :
_bill.(col.)
500 _aIncludes index
650 _aUnited States
_xPolitics and governance
651 _aAmerica
700 _aHammock, Allan S.
_eeditor
942 _2lcc
_cBK
_e11thed
_h21
_iDIC
_kJK